• 首页
  • 本馆介绍
  • 公告通知
  • 最新文献
  • 馆藏检索
  • 电子资源
  • 读者导购
  • 参考咨询
  • 我的图书馆
  • 登录
  • 详细信息显示
  • 放入我的书架
  • 预约/预借图书
  • 作者相关作品
  • 分类相关作品
  • 丛书相关作品
  • 出版社相关作品

书目信息

  • 表格格式
  • 工作单格式
  • 卡片格式
题名:
苏文纳和她的儿子
    
 
作者: ;云南省民族民间文学德宏调查队 收集翻译整理
分册:  
出版信息: 昆明   云南人民出版社  1978
页数: 78页
开本: 19cm
丛书名:
单 册:
中图分类: I295.322
科图分类:
主题词: 傣族-叙事诗--云南 , 叙事诗-傣族--云南
电子资源:
ISBN: 10116.737
000 00883nam0 2200265 450
001 0178003377
005 20100712215416.0
010    @a10116.737@dCNY0.25
091    @a10116.737
100    @a19950718d1978 em y0chiy0110 ea
101 0  @achi@ctha
102    @aCN@b530000
105    @af z 000gy
106    @ar
200 1  @a苏文纳和她的儿子@9Su Wen Na He;Huo;Hu Ta De;Di Er Zi @e傣族民间叙事长诗@f云南省民族民间文学德宏调查队收集翻译整理
205    @a2版
210    @a昆明@c云南人民出版社@d1978
215    @a78页@c图@d19cm
517 1  @a傣族民间叙事长诗@9dai zu min jian xu shi chang shi
606 0  @a傣族-叙事诗@y云南
606 0  @a叙事诗-傣族@y云南
690    @aI295.322@v3
711 02 @a云南省民族民间文学德宏调查队@9yun nan sheng min zu min jian wen xue de hong diao cha dui@4收集翻译整理
801  0 @aCN@bAzMarc@c20130904
905    @aBZT@dI295.322@e2@f2@sI295.322/2
    
    苏文纳和她的儿子:傣族民间叙事长诗/云南省民族民间文学德宏调查队收集翻译整理.-2版.-昆明:云南人民出版社,1978
    78页:图;19cm
    
    
    ISBN 10116.737:CNY0.25
    
●
相关链接 在五车中查询图书 在当当中查询图书 在豆瓣中查询图书


正题名:苏文纳和她的儿子     索取号:I295.322/2         预约/预借

序号 登录号 条形码 馆藏地/架位号 状态 备注
1 2000077790   2000077790   旧书回溯/ [索取号:I295.322/2] 在馆    
2 2000077791   2000077791   旧书回溯/ [索取号:I295.322/2] 在馆    
山东省滨州职业学院图书馆 欢迎您!
大连网信软件有限公司© 版权所有